书目信息 |
| 题名: |
大学物理实验
|
|
| 作者: | 刘道军 主编 | |
| 分册: | ||
| 出版信息: | 合肥 安徽大学出版社 2010.08 |
|
| 页数: | 153页 | |
| 开本: | 23cm | |
| 丛书名: | ||
| 单 册: | ||
| 中图分类: | O4-33 | |
| 科图分类: | ||
| 主题词: | 物理学--wu li xue--实验--高等学校--教材 | |
| 电子资源: | ||
| ISBN: | 978-7-81110-843-9 | |
| 000 | 00853nam0 2200253 450 | |
| 001 | 012011735061 | |
| 005 | 20110922171011.90 | |
| 010 | @a978-7-81110-843-9@dCNY20.00 | |
| 100 | @a20110922d2010 em y0chiy0120 ea | |
| 101 | 0 | @achi |
| 102 | @aCN@b340000 | |
| 105 | @aak a 000yy | |
| 106 | @ar | |
| 200 | 1 | @a大学物理实验@Ada xue wu li shi yan@f刘道军主编@Fzhu bian liu dao jun |
| 210 | @a合肥@c安徽大学出版社@d2010.08 | |
| 215 | @a153页@c图@d23cm | |
| 300 | @a高等院校21世纪课程教材 | |
| 320 | @a有书目 | |
| 330 | @a本书分为六章,第一章是测量误差与数据处理;第二、三、四、五、六章分别是力学部分、电磁学部分、热学部分、光学部分及近代物趣部分的实验内容等。 | |
| 606 | 0 | @a物理学@Awu li xue@x实验@x高等学校@j教材 |
| 690 | @aO4-33@v4 | |
| 701 | 0 | @a刘道军@Aliu dao jun@4主编 |
| 801 | 0 | @aCN@bQSSK@c20110922 |
| 905 | @b794672-74@dO4-33@eL602@f3 | |
| 大学物理实验/刘道军主编.-合肥:安徽大学出版社,2010.08 |
| 153页:图;23cm |
| 高等院校21世纪课程教材 |
| ISBN 978-7-81110-843-9:CNY20.00 |
| 本书分为六章,第一章是测量误差与数据处理;第二、三、四、五、六章分别是力学部分、电磁学部分、热学部分、光学部分及近代物趣部分的实验内容等。 |
| ● |
| 相关链接 |
|
|
|
正题名:大学物理实验
索取号:O4-33/L602
 
预约/预借
| 序号 | 登录号 | 条形码 | 馆藏地/架位号 | 状态 | 备注 |
| 1 | 794672 | 207946721 | 自科库401/401自科库 55排7列5层/ [索取号:O4-33/L602] | 在馆 | |
| 2 | 794673 | 207946730 | 自科库401/401自科库 55排7列5层/ [索取号:O4-33/L602] | 在馆 | |
| 3 | 794674 | 207946749 | 自科库401/401自科库 55排7列5层/ [索取号:O4-33/L602] | 在馆 |